Innovation support in regions

Saved in:
Bibliographic Details
Main Author: Tomišová, Marta
Format: Book Chapter
Language:English
Subjects:
Tags: Add Tag
No Tags, Be the first to tag this record!

MARC

LEADER 00000nla$a2200000$$$4500
001 0104713
005 20240626120358.4
041 0 |a eng 
044 |a SK 
245 1 0 |a Innovation support in regions  |c Marta Tomišová 
610 2 0 |a rozvoj regionálny 
610 2 0 |a Slovensko 
610 2 0 |a inovácia 
610 2 0 |a Európska únia 
610 2 0 |a stratégia inovačná 
610 2 0 |a politika regionálna 
100 1 |a Tomišová, Marta